Business studies / (Record no. 158094)

MARC details
000 -LEADER
fixed length control field 00633nam a22002417a 4500
008 - FIXED-LENGTH DATA ELEMENTS--GENERAL INFORMATION
fixed length control field
020 ## - INTERNATIONAL STANDARD BOOK NUMBER
International Standard Book Number 1873929099 (pbk)
049 ## - LOCAL HOLDINGS (OCLC)
Holding library MAIN
090 ## - LOCALLY ASSIGNED LC-TYPE CALL NUMBER (OCLC); LOCAL CALL NUMBER (RLIN)
Classification number (OCLC) (R) ; Classification number, CALL (RLIN) (NR) HF1008
Local cutter number (OCLC) ; Book number/undivided call number, CALL (RLIN) HAL
003 - CONTROL NUMBER IDENTIFIER
control field
005 - DATE AND TIME OF LATEST TRANSACTION
control field 20230123134004.0
040 ## - CATALOGING SOURCE
Transcribing agency NUST
100 1# - MAIN ENTRY--PERSONAL NAME
Personal name Hall, Dave.
245 10 - TITLE STATEMENT
Title Business studies /
Statement of responsibility, etc. Dave Hall, Rob Jones, Carlo Raffo.
260 ## - PUBLICATION, DISTRIBUTION, ETC.
Place of publication, distribution, etc. Ormskirk :
Name of publisher, distributor, etc. Causeway,
Date of publication, distribution, etc. 1993.
300 ## - PHYSICAL DESCRIPTION
Extent vi, 553 p.
653 0# - INDEX TERM--UNCONTROLLED
Uncontrolled term Business studies
700 1# - ADDED ENTRY--PERSONAL NAME
Personal name Jones, Rob.
700 1# - ADDED ENTRY--PERSONAL NAME
Personal name Raffo, Carlo.
700 1# - ADDED ENTRY--PERSONAL NAME
Personal name Chambers, Ian.
907 ## - LOCAL DATA ELEMENT G, LDG (RLIN)
a .b10051193
b 15-05-13
c 17-04-03
942 ## - ADDED ENTRY ELEMENTS (KOHA)
Koha item type Ordinary Loan Books
Call number prefix HF1008
Call number suffix HAL
Holdings
Date last seen Total Checkouts Full call number Barcode Cost, replacement price Price effective from Koha item type Lost status Source of classification or shelving scheme Damaged status Not for loan Collection Withdrawn status Home library Current library Shelving location Date acquired Cost, normal purchase price
01/23/2023 79 HF1008 HAL 92003036465 80.00 01/23/2023 BOOKS   LCC     NFIC   MAIN MAIN GEN 01/23/2023 80.00